Nezdaniteľné časti základu dane v roku 2015
Legislatívna úprava. Kto si môže uplatniť nezdaniteľné časti. Vymedzenie základu dane, ktorý znižujú nezdaniteľné časti. Nezdaniteľná časť základu dane na daňovníka. Nezdaniteľná časť základu dane na manželku (manžela). Dobrovoľný príspevok na starobné dôchodkové sporenie. Príspevky na doplnkové dôc...
Enregistré dans:
| Auteur principal: | |
|---|---|
| Format: | Chapitre de livre |
| Langue: | slovaque |
| Sujets: | |
| Tags: |
Pas de tags, Soyez le premier à ajouter un tag!
|
MARC
| LEADER | 00000naa a2200000 4500 | ||
|---|---|---|---|
| 001 | 0208691 | ||
| 005 | 20231109105108.0 | ||
| 041 | 0 | |a slo | |
| 044 | |a SK | ||
| 245 | 1 | 0 | |a Nezdaniteľné časti základu dane v roku 2015 |c Martina Oravcová |
| 520 | |a Legislatívna úprava. Kto si môže uplatniť nezdaniteľné časti. Vymedzenie základu dane, ktorý znižujú nezdaniteľné časti. Nezdaniteľná časť základu dane na daňovníka. Nezdaniteľná časť základu dane na manželku (manžela). Dobrovoľný príspevok na starobné dôchodkové sporenie. Príspevky na doplnkové dôchodkové sporenie. Praktické príklady. | ||
| 610 | 2 | 0 | |a dane z príjmov |
| 610 | 2 | 0 | |a daňovníci |
| 610 | 2 | 0 | |a základ dane |
| 610 | 2 | 0 | |a legislatíva |
| 610 | 2 | 0 | |a sporenie dôchodkové doplnkové |
| 610 | 2 | 0 | |a sporenie dôchodkové starobné |
| 100 | 1 | |a Oravcová, Martina | |